| 000 | 00000nam##2200000za#4500 |
| 001 | 9.601915 |
| 003 | CaOODSP |
| 005 | 20210624210314 |
| 007 | cr ||||||||||| |
| 008 | 150406|1998||||xxc|||||o f|0| 0 fre|d |
| 040 | |aCaOODSP|bfre |
| 043 | |an-cn--- |
| 086 | 1 |aTU3-5/98-19F-PDF |
| 110 | 2 |aBureau de la sécurité des transports du Canada. |
| 245 | 10|aPerte de maîtrise en direction -Highland Helicopters Ltd., Bell 206B JetRanger II (hélicoptère) C-GHHT, 30 nm au nord de Whitecourt (Alberta), 7 mai 1998 |h[ressource électronique] |
| 260 | |aGatineau - Québec : |bBureau de la sécurité des transports du Canada |c[1999]. |
| 300 | |a6p.|bfigure |
| 490 | 1 |aRapport d'enquête aéronautique |vA98W0086 |
| 590 | |a12-01-Supp|b2012-01-13 |
| 775 | 08|tLoss of directional control, Highland Helicopters Ltd., Bell 206B JetRanger II (Helicopter) C-GHHT, Whitecourt, Alberta 30 nm N, 07 May 1998 |w(CaOODSP)9.571299 |
| 830 | #0|aRapport d'enquête aéronautique ;|vA98W0086|w(CaOODSP)9.501229 |
| 856 | 40|ahttp://publications.gc.ca|qPDF|s126 Ko|uhttps://publications.gc.ca/collections/collection_2011/bst-tsb/TU3-5-98-19-fra.pdf|yA98W0086 |